3 Biggest cities by country #6 - Statistics

General Stats
  • This quiz has been taken 414 times
  • The average score is 11 of 24
Answer Stats
Answer % Correct
Lisbon
99%
Vienna
90%
Nairobi
89%
Bucharest
87%
Baghdad
86%
Damascus
84%
Addis Ababa
81%
Antwerp
78%
Aleppo
63%
Mombasa
51%
Graz
50%
Ghent
41%
Cluj-Napoca
39%
Basra
38%
Linz
37%
Homs
22%
Timisoara
20%
Charleroi
18%
Vila Nova de Gaia
9%
Kisumu
6%
Gondar
4%
Arbil
3%
Sintra
3%
Adama
2%
No matching quizzes found
Score Distribution
Percent of People with Each Score
Percentile by Number Answered
Your Score History
You have not taken this quiz